000 00268nam a22001217a 4500
008 170405b xxu||||| |||| 00| 0 eng d
041 _aeng
080 _22ND
_a616.15
100 _a9
101 _aSHM
245 _aSANDOZ ATLAS OF HAEMATOLOGY
_cSANDOZ
942 _2udc
_cBK
999 _c9885
_d9885